[Event "Verbandsliga 0405"]
[Site "Schalksmuehle"]
[Date "2005.02.13"]
[Round "6"]
[White "Tautz, Michael"]
[Black "Martino Gross, Peter"]
[Result "1/2-1/2"]
[WhiteElo "1944"]
[BlackElo "1930"]
[PlyCount "66"]
[EventDate "2004.10.31"]
[EventType "team"]
[EventRounds "7"]
[EventCountry "GER"]
[SourceTitle "EXT 2007"]
[Source "ChessBase"]
[SourceDate "2006.11.23"]
[SourceVersion "1"]
[SourceVersionDate "2006.11.23"]
[SourceQuality "1"]
[WhiteTeam "Wiehl"]
[BlackTeam "Halver"]
[WhiteTeamCountry "GER"]
[BlackTeamCountry "GER"]

1. e4 e6 2. d4 d5 3. e5 c5 4. c3 Qb6 5. Nf3 Nc6 6. a3 c4 7. g3 Bd7 8. Bg2 Be7 9. Nbd2 f5 10. 0-0 0-0-0 11. b3 cxb3 12. Nxb3 Na5 13. Nxa5 Qxa5 14. Bd2 Qa4 15. Qb1 Bb5 16. Rc1 Rd7 17. Be3 Rc7 18. Nd2 g6 19. Bf3 h5 20. h4 Nh6 21. Bd1 Qa6 22. Bxh6 Rxh6 23. f4 Rh8 24. a4 Bd3 25. Qb3 Kd7 26. Kf2 Rhc8 27. Ke3 Rc6 28. a5 Qb5 29. c4 Bxc4 30. Nxc4 Qxb3+ 31. Bxb3 Kd8 32. Kd3 Bb4 33. Rc2 dxc4+ 1/2-1/2

[Event "NRW Class2 0304"]
[Site "Germany"]
[Date "2004.04.25"]
[Round "9.7"]
[White "Berndt, Axel"]
[Black "Tautz, Michael"]
[Result "1-0"]
[WhiteElo "2225"]
[BlackElo "1978"]
[PlyCount "85"]
[EventDate "2003.09.28"]
[EventType "team"]
[EventRounds "9"]
[EventCountry "GER"]
[SourceTitle "CBM 098 Extra"]
[Source "ChessBase"]
[SourceDate "2004.03.10"]
[SourceVersion "2"]
[SourceVersionDate "2004.03.10"]
[SourceQuality "1"]
[WhiteTeam "Duesseldorf"]
[BlackTeam "Wiehl"]
[WhiteTeamCountry "GER"]
[BlackTeamCountry "GER"]

1. e4 c6 2. d4 d5 3. exd5 cxd5 4. c4 Nf6 5. cxd5 Nxd5 6. Nc3 e6 7. Nf3 a6 8. Bd3 Nc6 9. 0-0 Be7 10. Re1 Bf6 11. Be4 0-0 12. a3 Qa5 13. Qd3 g6 14. Bd2 Qd8 15. Bh6 Bg7 16. Bxg7 Kxg7 17. Ne5 Qd6 18. Nc4 Qd8 19. Ne5 Qd6 20. Nc4 Qd8 21. Rad1 b5 22. Ne5 Nce7 23. h4 Bb7 24. h5 Qd6 25. Qf3 f5 26. Bxd5 Nxd5 27. Nxd5 Bxd5 28. Qg3 Rf6 29. Rc1 Rd8 30. Qh4 Rdf8 31. Re3 f4 32. hxg6 h5 33. Rec3 Bc4 34. Nxc4 bxc4 35. Rxc4 Kxg6 36. Rc5 Rf5 37. Rc6 Qxd4 38. Rxe6+ R5f6 39. Rcc6 Qxb2 40. Qxf4 Qa1+ 41. Kh2 a5 42. Qe4+ Kh6 43. Qf5 1-0

[Event "NRW Class2 0304"]
[Site "Germany"]
[Date "2004.02.29"]
[Round "7.8"]
[White "Tautz, Michael"]
[Black "Liley, Uwe"]
[Result "0-1"]
[WhiteElo "1978"]
[BlackElo "1911"]
[PlyCount "136"]
[EventDate "2003.09.28"]
[EventType "team"]
[EventRounds "9"]
[EventCountry "GER"]
[SourceTitle "CBM 098 Extra"]
[Source "ChessBase"]
[SourceDate "2004.03.10"]
[SourceVersion "2"]
[SourceVersionDate "2004.03.10"]
[SourceQuality "1"]
[WhiteTeam "Wiehl"]
[BlackTeam "Hagen"]
[WhiteTeamCountry "GER"]
[BlackTeamCountry "GER"]

1. e4 e5 2. Nc3 Nc6 3. Bc4 Be7 4. Nf3 Nf6 5. d3 0-0 6. h3 d6 7. Be3 a6 8. a3 Rb8 9. b4 b6 10. 0-0 Bb7 11. Nh2 Qd7 12. Nd5 Nxd5 13. exd5 Nd8 14. Bb3 f5 15. f4 Bf6 16. Rb1 Qf7 17. fxe5 Bxe5 18. Nf3 Qe8 19. Qd2 Kh8 20. Rbe1 Qg6 21. Bf4 Bf6 22. Re2 Nf7 23. Rfe1 Rbd8 24. c4 Bc8 25. d4 Bd7 26. Bc2 Qh5 27. Re6 Rde8 28. Bxf5 Qxf5 29. g4 Qg6 30. Kh2 Bxe6 31. dxe6 Nd8 32. d5 Be7 33. Nd4 Rf6 34. Nf5 Rxf5 35. gxf5 Qxf5 36. Bg3 Rf8 37. Re2 Bg5 38. Qc3 Be7 39. Rf2 Qg6 40. Rxf8+ Bxf8 41. Qf3 Qf6 42. Qe2 Kg8 43. c5 bxc5 44. Qxa6 g6 45. bxc5 Qb2+ 46. Kh1 Qc1+ 47. Kh2 Qd2+ 48. Kg1 Qxd5 49. cxd6 cxd6 50. a4 Qxe6 51. Qf1 Qf5 52. Qg2 d5 53. a5 Bc5+ 54. Kh2 Nc6 55. a6 Nd4 56. Bb8 Nf3+ 57. Kg3 Ng5 58. a7 Bf2+ 59. Kh2 Bxa7 60. Bxa7 Qf4+ 61. Kg1 Nf3+ 62. Kf1 Nh4+ 63. Qf2 Qxf2+ 64. Kxf2 Nf5 65. Kf3 Kf7 66. Kf4 Ke6 67. Kg5 d4 68. h4 d3 0-1

[Event "NRW Class2 0304"]
[Site "Germany"]
[Date "2004.02.08"]
[Round "6.7"]
[White "Tautz, Michael"]
[Black "Schulz, Hartmut"]
[Result "0-1"]
[WhiteElo "1978"]
[BlackElo "2046"]
[PlyCount "82"]
[EventDate "2003.09.28"]
[EventType "team"]
[EventRounds "9"]
[EventCountry "GER"]
[SourceTitle "CBM 098 Extra"]
[Source "ChessBase"]
[SourceDate "2004.03.10"]
[SourceVersion "2"]
[SourceVersionDate "2004.03.10"]
[SourceQuality "1"]
[WhiteTeam "Wiehl"]
[BlackTeam "Brackel"]
[WhiteTeamCountry "GER"]
[BlackTeamCountry "GER"]

1. e4 c6 2. d4 d5 3. exd5 cxd5 4. c4 Nf6 5. Nc3 Nc6 6. c5 Bf5 7. Bf4 a6 8. a3 e6 9. Be2 Be7 10. h3 Ne4 11. Nf3 0-0 12. 0-0 Bf6 13. Qa4 g5 14. Bh2 h5 15. Rad1 Kg7 16. Nxe4 Bxe4 17. Ne5 Nxe5 18. dxe5 Be7 19. Rc1 Rc8 20. b4 Rh8 21. Qb3 Qg8 22. Qg3 Kf8 23. f3 Bf5 24. Qf2 Qh7 25. g4 hxg4 26. fxg4 Bg6 27. Rc3 Kg8 28. Qg3 Be4 29. Re3 a5 30. Bd3 Bxd3 31. Rxd3 axb4 32. axb4 Qe4 33. Qf3 Qg6 34. Rc1 b6 35. c6 Bxb4 36. Kg2 Bc5 37. Bg1 Rxc6 38. Bxc5 bxc5 39. Ra1 Rc7 40. Rc3 Kg7 41. Qf2 Qe4+ 0-1

[Event "Oberliga NRW 0203 I"]
[Site "Germany"]
[Date "2002.12.08"]
[Round "3.8"]
[White "Schugal, Michael"]
[Black "Tautz, Michael"]
[Result "1-0"]
[WhiteElo "2014"]
[BlackElo "1959"]
[PlyCount "91"]
[EventDate "2002.10.06"]
[EventType "team"]
[EventRounds "9"]
[EventCountry "GER"]
[SourceTitle "EXT 2004"]
[Source "ChessBase"]
[SourceDate "2003.11.25"]
[SourceVersion "1"]
[SourceVersionDate "2003.11.25"]
[SourceQuality "1"]
[WhiteTeam "Muenster"]
[BlackTeam "Wiehl"]
[WhiteTeamCountry "GER"]
[BlackTeamCountry "GER"]

1. c4 Nf6 2. g3 c6 3. d4 d5 4. b3 g6 5. Nf3 Bg7 6. Bg2 0-0 7. Bb2 Qb6 8. Nbd2 Bg4 9. 0-0 Bxf3 10. Bxf3 Nbd7 11. Qc2 Rfe8 12. e4 dxe4 13. Nxe4 Nxe4 14. Qxe4 e5 15. Rfe1 f5 16. Qe3 e4 17. Be2 Rad8 18. Red1 Nf8 19. Rd2 Ne6 20. Rad1 Bf6 21. h4 Bg7 22. c5 Qc7 23. Bc4 Rd5 24. Bxd5 cxd5 25. Rc2 Rf8 26. f4 Nd8 27. b4 a6 28. Qb3 Qd7 29. a4 Nc6 30. Re2 Rc8 31. Bc3 Na7 32. Kf2 Kf7 33. Ke3 h5 34. Rb2 Ke6 35. b5 Rd8 36. bxa6 bxa6 37. Qb6+ Nc6 38. Qxa6 Rc8 39. Rb6 Ke7 40. Rb7 Rc7 41. Rxc7 Qxc7 42. Rb1 Nd8 43. Ba5 Bxd4+ 44. Ke2 Qd7 45. Bxd8+ Qxd8 46. Qa7+ 1-0